Normal view
MARC view
- THE SINAI CAMPAIGN 1956 AND 1967 THE RECONQUEST OF BURMA GAZALA & TOBURK BATTLES THE CRUSADER 41 WARELL'S WESTERN DESERT CAMPAIGN NORTH AFRICA CAMPAIGN
Entry Topical Term
001 - CONTROL NUMBER
- control field: 76467
003 - CONTROL NUMBER IDENTIFIER
- control field: NUST
005 - DATE AND TIME OF LATEST TRANSACTION
- control field: 20210628205643.0
008 - FIXED-LENGTH DATA ELEMENTS
- fixed length control field: 210628|| aca||aabn | a|a d
040 ## - CATALOGING SOURCE
- Original cataloging agency: NUST
- Transcribing agency: NUST
150 ## - HEADING--TOPICAL TERM
- Topical term or geographic name entry element: THE SINAI CAMPAIGN 1956 AND 1967 THE RECONQUEST OF BURMA GAZALA & TOBURK BATTLES THE CRUSADER 41 WARELL'S WESTERN DESERT CAMPAIGN NORTH AFRICA CAMPAIGN
670 ## - SOURCE DATA FOUND
- Source citation: Work cat.: (NUST): MILITARY HISTORY, 1967
